| 000 | 00697nam a2200241 a 4500 | ||
|---|---|---|---|
| 999 |
_c2436 _d2436 |
||
| 001 | 2436 | ||
| 003 | BD-JhCC | ||
| 005 | 20190624134017.0 | ||
| 008 | 171102s2008 bg |||| |||| 000 0 ben d | ||
| 020 | _a9847015600280 | ||
| 035 | _a(BD-JhCC)2436 | ||
| 040 |
_aBD-JhCC _dBD-JhCC |
||
| 041 | _aben | ||
| 082 |
_a170 _bMAZ 2008 |
||
| 100 | _aমজহার, ফরহাদ | ||
| 245 |
_aভাবান্দোলন / _cফরহাদ মজহার |
||
| 260 |
_aঢাকা : _bমাওলা ব্রাদার্স, _c২০০৮. |
||
| 300 |
_a৩২০ পৃ. : _c২১ সেমি. |
||
| 650 | _aEthics | ||
| 650 | _aMetaphysics | ||
| 942 |
_2ddc _cBK _01 |
||